| 000 | 00000nam 2200000za 4500 |
| 001 | 9.692262 |
| 003 | CaOODSP |
| 005 | 20210823103630 |
| 007 | cr ||||||||||| |
| 008 | 150407s2008 onco o f000 0 eng d |
| 040 | |aCaOODSP|beng |
| 043 | |an-cn--- |
| 086 | 1 |aT29-42/2008E-PDF |
| 110 | 1 |aCanada.|bTransport Canada. |bMarine Safety. |
| 245 | 13|aAn owner's guide to private buoys |h[electronic resource] |
| 260 | |aOttawa - Ontario : |bTransport Canada. |cc2008. |
| 300 | |a28p.|bfigs., photographs |
| 520 | 3 |aWill help private buoy owners to understand and apply Canada’s laws and requirements, and inform them of their responsibilities when placing a private buoy. |
| 590 | |a09-22|b2009-05-29 |
| 690 | 07|aMarine safety|2gcpds |
| 775 | 08|tBouées privées - guide du propriétaire |w(CaOODSP)9.636525 |
| 776 | 0#|tAn owner's guide to private buoys / |w(CaOODSP)9.651164 |
| 794 | |tAn owner's guide to private buoys : |b2021|w(CaOODSP)9.887498 |
| 856 | 40|qPDF|s2.21 MB|uhttps://publications.gc.ca/collections/collection_2009/tc/T29-42-2008E.pdf |